[Event "WCh Women 2017"]
[Site "Tehran IRI"]
[Date "2017.02.13"]
[Round "1.1"]
[White "Ju, Wenjun"]
[Black "Lane, Nancy L"]
[Result "1-0"]
[WhiteElo "2583"]
[BlackElo "1848"]
[PlyCount "55"]
[EventDate "2017.02.11"]

1. d4 d5 2. Bf4 e6 3. e3 c5 4. c3 Nc6 5. Nf3 Nf6 6. Nbd2 Bd6 7. Bg3 O-O 8. Bb5
Ne4 9. Nxe4 dxe4 10. Nd2 f5 11. Bxc6 bxc6 12. Qa4 Bxg3 13. hxg3 cxd4 14. cxd4
Bd7 15. Qa3 Qc7 16. Nc4 Rab8 17. Rc1 Qb7 18. O-O Be8 19. Rc2 Qc7 20. Rfc1 g5
21. Ne5 Rb6 22. b4 Qb7 23. Rc4 Rf6 24. Qc3 h5 25. Nxc6 Bxc6 26. Rxc6 Rxb4 27.
d5 Rf8 28. Rc7 1-0

[Event "WCh Women 2017"]
[Site "Tehran IRI"]
[Date "2017.02.13"]
[Round "1.1"]
[White "Shamima, Akter"]
[Black "Harika, Dronavalli"]
[Result "1/2-1/2"]
[WhiteElo "2077"]
[BlackElo "2539"]
[PlyCount "170"]
[EventDate "2017.02.11"]

1. e4 e5 2. Bc4 Nc6 3. Nf3 Bc5 4. c3 Nf6 5. d3 O-O 6. O-O d6 7. Bb3 h6 8. h3 a6
9. Nbd2 Re8 10. Re1 Be6 11. Bc2 d5 12. exd5 Bxd5 13. Ne4 Nxe4 14. dxe4 Be6 15.
b4 Bd6 16. Bb3 Qf6 17. Bxe6 Qxe6 18. Qb3 Qxb3 19. axb3 f6 20. Be3 Kf7 21. Red1
Ke6 22. g4 Red8 23. h4 h5 24. gxh5 Rh8 25. Kf1 Rag8 26. Ke2 Rxh5 27. Rg1 Kf7
28. Rad1 Rhh8 29. Rg4 Rh7 30. Nd2 Rd8 31. Rdg1 Rdh8 32. Nf3 Nd8 33. Nd2 Ne6 34.
Nf3 Be7 35. Rd1 Rd8 36. Ra1 c5 37. bxc5 Bxc5 38. b4 Bxe3 39. fxe3 Rc8 40. Rd1
Ke7 41. Rc1 Rc6 42. Rgg1 Rh8 43. c4 Rhc8 44. Nd2 R6c7 45. Ra1 Rh8 46. Rh1 Rd7
47. c5 Nc7 48. Nc4 Rhd8 49. Rhg1 Ke6 50. Nd6 Ne8 51. Nc4 Nc7 52. Nd6 Ne8 53.
Nc4 Nc7 54. h5 Nb5 55. Rac1 Rh8 56. Rh1 Rhd8 57. Rhg1 Rh8 58. Rh1 Rhd8 59. Rhg1
Rh8 60. Nb6 Rf7 61. Rh1 f5 62. exf5+ Rxf5 63. c6 bxc6 64. Rxc6+ Kf7 65. Nd5
Rhxh5 66. Rxh5 Rxh5 67. Rxa6 e4 68. Nf4 Rh2+ 69. Kf1 Rb2 70. Nd5 Rd2 71. Nf4
Rb2 72. Nd5 Rd2 73. Nf4 g5 74. Nh3 Rd5 75. Nf2 Nd6 76. Ra5 Ke6 77. Ra6 Kd7 78.
Kg2 Rb5 79. Ra4 Kc7 80. Ra5 Kb6 81. Rxb5+ Kxb5 82. Kg3 Nf5+ 83. Kg4 Nxe3+ 84.
Kxg5 Nd5 85. Nxe4 Nxb4 1/2-1/2

[Event "WCh Women 2017"]
[Site "Tehran IRI"]
[Date "2017.02.13"]
[Round "1.1"]
[White "Dzagnidze, Nana"]
[Black "Mona, Khaled"]
[Result "0-1"]
[WhiteElo "2525"]
[BlackElo "2150"]
[PlyCount "128"]
[EventDate "2017.02.11"]

1. Nf3 d5 2. c4 d4 3. g3 Nc6 4. Bg2 e5 5. d3 Bb4+ 6. Bd2 a5 7. O-O Nf6 8. Na3
O-O 9. Nb5 Re8 10. Bg5 Be7 11. e3 h6 12. Bxf6 Bxf6 13. exd4 exd4 14. Nd2 Ne5
15. Qc2 c6 16. Na3 Bg4 17. Rae1 Qd7 18. f4 Ng6 19. c5 Bh3 20. Nac4 Bxg2 21.
Kxg2 Rxe1 22. Rxe1 Qd5+ 23. Ne4 Bd8 24. Qb3 b5 25. Ncd2 Qd7 26. a4 Bc7 27. axb5
cxb5 28. Qd1 Re8 29. Kf1 Ne7 30. Nf3 Nf5 31. Kf2 Ne3 32. Qc1 Qh3 33. Rxe3 dxe3+
34. Qxe3 Qd7 35. f5 Rd8 36. d4 Qxf5 37. Ned2 Kf8 38. Qc3 Re8 39. Qb3 g5 40.
Qxb5 g4 41. Qc6 Bb8 42. Qxh6+ Ke7 43. Qg5+ Qxg5 44. Nxg5 f5 45. Nc4 Kf6 46. h4
Rd8 47. Nxa5 Rxd4 48. Nc6 Rd2+ 49. Ke3 Rxb2 50. Nxb8 Rxb8 51. Kd4 Rd8+ 52. Kc4
Ke7 53. c6 Rd1 54. c7 Rc1+ 55. Kd5 Rxc7 56. Ke5 Rc5+ 57. Kf4 Kf6 58. Nh7+ Kg7
59. Ng5 Kg6 60. Ne6 Rc4+ 61. Ke5 Re4+ 62. Kd5 Kf6 63. Nf8 Re7 64. h5 f4 0-1

[Event "WCh Women 2017"]
[Site "Tehran IRI"]
[Date "2017.02.13"]
[Round "1.1"]
[White "Tan, Zhongyi"]
[Black "Foisor, Sabina-Francesca"]
[Result "1/2-1/2"]
[WhiteElo "2502"]
[BlackElo "2272"]
[PlyCount "122"]
[EventDate "2017.02.11"]

1. Nf3 d5 2. c4 e6 3. g3 dxc4 4. Bg2 Nf6 5. O-O Nbd7 6. Na3 Bxa3 7. bxa3 Nb6 8.
Bb2 Bd7 9. Ne5 Ba4 10. Qc1 c6 11. Nxc4 Nxc4 12. Qxc4 Bb5 13. Qb4 a5 14. Qb3
Bxe2 15. Qxb7 O-O 16. Rfe1 Bb5 17. Rac1 Qxd2 18. Bxf6 gxf6 19. Qe7 Qd8 20. Qc5
f5 21. Red1 Qf6 22. Bxc6 Bxc6 23. Qxc6 Rab8 24. Rc5 Rfc8 25. Qxc8+ Rxc8 26.
Rxc8+ Kg7 27. Rc5 Qb2 28. Rxa5 Qc2 29. Re1 Qxa2 30. Ra7 Kf6 31. Rd1 Qb3 32. Rc1
Qb2 33. Rf1 h5 34. Ra4 Kg6 35. Ra8 f4 36. Ra4 f3 37. Re1 Qb3 38. Rae4 Qxa3 39.
h4 Qb2 40. Rf4 Qd2 41. Re5 Qd1+ 42. Kh2 Kg7 43. Re3 f5 44. Rexf3 Kf6 45. Ra3
Qd5 46. Ra7 Qc5 47. Ra8 Kg7 48. Rd8 Qc2 49. Re8 Qc6 50. Re7+ Kf6 51. Ra7 Qc2
52. Rh7 e5 53. Rf3 e4 54. Rf4 e3 55. Rh6+ Ke5 56. Rh8 e2 57. Re8+ Kf6 58. Rf3
Qd2 59. Rfe3 e1=Q 60. Rxe1 Qxf2+ 61. Kh3 f4 1/2-1/2

[Event "WCh Women 2017"]
[Site "Tehran IRI"]
[Date "2017.02.13"]
[Round "1.1"]
[White "Pogonina, Natalija"]
[Black "Zhou, Qiyu"]
[Result "1/2-1/2"]
[WhiteElo "2487"]
[BlackElo "2287"]
[PlyCount "121"]
[EventDate "2017.02.11"]

1. d4 Nf6 2. c4 e6 3. Nc3 Bb4 4. e3 O-O 5. Bd3 d5 6. cxd5 exd5 7. Nge2 c5 8. a3
Bxc3+ 9. bxc3 b6 10. O-O Ba6 11. f3 Re8 12. Ng3 Bxd3 13. Qxd3 Nc6 14. Bb2 Rc8
15. Rae1 Rc7 16. e4 dxe4 17. fxe4 Ne5 18. Qd1 cxd4 19. cxd4 Ng6 20. Qb3 Rce7
21. d5 Ng4 22. h3 N4e5 23. Nf5 Rd7 24. Qg3 f6 25. Rc1 Kh8 26. a4 b5 27. axb5
Qb6+ 28. Bd4 Qxb5 29. Rc3 h5 30. Rfc1 Qe2 31. Bxe5 Nxe5 32. Rc7 Red8 33. Qe3
Qxe3+ 34. Nxe3 Kg8 35. Nf5 Kf8 36. Nd4 Rxc7 37. Rxc7 Rd7 38. Rc8+ Kf7 39. Ne6
a5 40. Ra8 Nc4 41. Kf2 g6 42. Ra6 f5 43. exf5 gxf5 44. Nf4 h4 45. Rh6 a4 46.
Rxh4 a3 47. Rh7+ Ke8 48. Rh8+ Ke7 49. Ra8 Rb7 50. Ke2 Rb5 51. Nd3 Rxd5 52. Ra4
Rxd3 53. Rxc4 Rb3 54. Ra4 Kf6 55. h4 Kg6 56. g4 fxg4 57. Rxg4+ Kh5 58. Ra4 Rb2+
59. Kd3 Rh2 60. Kc3 Rxh4 61. Rxa3 1/2-1/2

[Event "WCh Women 2017"]
[Site "Tehran IRI"]
[Date "2017.02.13"]
[Round "1.1"]
[White "Arribas Robaina, Maritza"]
[Black "Shen, Yang"]
[Result "1/2-1/2"]
[WhiteElo "2295"]
[BlackElo "2479"]
[PlyCount "148"]
[EventDate "2017.02.11"]

1. e4 e5 2. Nf3 Nc6 3. Bc4 Bc5 4. O-O Nf6 5. d4 Bxd4 6. Nxd4 Nxd4 7. f4 d6 8.
fxe5 dxe5 9. Bg5 Qe7 10. c3 Ne6 11. Bxf6 gxf6 12. Nd2 Rg8 13. Kh1 Bd7 14. Qf3
Rg6 15. Rf2 Bc6 16. Bd5 O-O-O 17. Bxc6 bxc6 18. Nb3 c5 19. Qe2 Qd6 20. Raf1 Qd3
21. Qxd3 Rxd3 22. g3 c4 23. Na5 Re3 24. Rxf6 Ng5 25. Nxc4 Rxe4 26. Nd2 Rxf6 27.
Rxf6 Re2 28. h4 Rxd2 29. hxg5 e4 30. Rxf7 e3 31. Re7 e2 32. Kg1 Kd8 33. Re4
Rxb2 34. Kf2 Rxa2 35. Rh4 Ra5 36. Kxe2 Rxg5 37. Rxh7 Rxg3 38. Kd2 Rg2+ 39. Kd3
Kc8 40. Kc4 Rb2 41. Rh8+ Kb7 42. Rh5 a6 43. Rg5 Kb6 44. Rg8 Rb5 45. Rb8+ Kc6
46. Rh8 Kb7 47. Rg8 c6 48. Rg7+ Kb6 49. Rg8 a5 50. Rb8+ Ka6 51. Rh8 Kb7 52.
Rh7+ Kb6 53. Rh8 a4 54. Ra8 Ra5 55. Rb8+ Kc7 56. Rb2 Rh5 57. Rg2 Rh4+ 58. Kc5
a3 59. Rg7+ Kb8 60. Kb6 Kc8 61. Ra7 Rc4 62. Rxa3 Kd7 63. Rb3 Kd6 64. Ra3 Rc5
65. c4 Rxc4 66. Rd3+ Ke5 67. Rd7 Rc1 68. Rd8 Rc4 69. Rd7 Ke6 70. Rd1 c5 71. Kc6
Rc2 72. Re1+ Kf5 73. Kd5 Kf4 74. Re4+ Kf5 1/2-1/2

[Event "WCh Women 2017"]
[Site "Tehran IRI"]
[Date "2017.02.13"]
[Round "1.1"]
[White "Hoang, Thanh Trang"]
[Black "Buksa, Nataliya"]
[Result "1/2-1/2"]
[WhiteElo "2463"]
[BlackElo "2302"]
[PlyCount "94"]
[EventDate "2017.02.11"]

1. d4 Nf6 2. Nf3 e6 3. c4 a6 4. e3 d5 5. Nbd2 Be7 6. Bd3 dxc4 7. Nxc4 Nbd7 8.
O-O c5 9. Bd2 b6 10. Qe2 Bb7 11. Rfd1 cxd4 12. exd4 Nd5 13. Rac1 O-O 14. Nce5
Nxe5 15. dxe5 Qd7 16. Ng5 Bxg5 17. Bxg5 Rfc8 18. Rxc8+ Qxc8 19. h4 Qf8 20. h5
Qb4 21. a3 Qa4 22. Rc1 Rc8 23. Rxc8+ Bxc8 24. h6 g6 25. Qc2 Qxc2 26. Bxc2 Kf8
27. Kf1 Bd7 28. Ke2 Ke8 29. Kd3 Bb5+ 30. Kd4 Kd7 31. f4 Be2 32. Be4 Nc7 33. Bh4
Bb5 34. Ke3 Bc6 35. g4 Bxe4 36. Kxe4 Nd5 37. f5 gxf5+ 38. gxf5 Kc6 39. fxe6
fxe6 40. Kd4 Kb5 41. Bg5 Kc6 42. a4 a5 43. Kc4 Nb4 44. Be7 Nd5 45. Bg5 Nb4 46.
Be7 Nd5 47. Bg5 Nb4 1/2-1/2

[Event "WCh Women 2017"]
[Site "Tehran IRI"]
[Date "2017.02.13"]
[Round "1.1"]
[White "Pourkashiyan, Atousa"]
[Black "Paehtz, Elisabeth"]
[Result "1/2-1/2"]
[WhiteElo "2278"]
[BlackElo "2468"]
[PlyCount "45"]
[EventDate "2017.02.11"]

1. e4 e5 2. Nf3 Nc6 3. Bb5 a6 4. Ba4 Nf6 5. O-O Bc5 6. c3 b5 7. Bc2 d5 8. d4
dxe4 9. dxc5 Qxd1 10. Bxd1 exf3 11. Bxf3 e4 12. Be2 O-O 13. Nd2 Re8 14. Re1 Bb7
15. Nb3 h6 16. Bd2 Ne5 17. a4 Nc4 18. Bc1 Bd5 19. Nd4 c6 20. Nf5 Be6 21. Nd4
Bd5 22. Nf5 Be6 23. Nd4 1/2-1/2

[Event "WCh Women 2017"]
[Site "Tehran IRI"]
[Date "2017.02.13"]
[Round "1.1"]
[White "Goryachkina, Aleksandra"]
[Black "Zhai, Mo"]
[Result "1/2-1/2"]
[WhiteElo "2466"]
[BlackElo "2304"]
[PlyCount "72"]
[EventDate "2017.02.11"]

1. d4 d5 2. c4 dxc4 3. Nf3 a6 4. e3 b5 5. a4 Bb7 6. b3 e6 7. bxc4 bxc4 8. Bxc4
Nf6 9. O-O Nbd7 10. Nbd2 Be7 11. Rb1 Rb8 12. Qe2 O-O 13. Bb2 c5 14. Rfc1 cxd4
15. Bxd4 Qa5 16. Bc3 Qxa4 17. Ra1 Qc6 18. Bxa6 Nd5 19. Bd4 Bxa6 20. Qxa6 Qxa6
21. Rxa6 Rfc8 22. Rxc8+ Rxc8 23. g3 Bf6 24. Ne4 Bxd4 25. Nxd4 Kf8 26. Ra7 Rc7
27. Rxc7 Nxc7 28. Kf1 Nd5 29. Nc6 Ne7 30. Nb4 Ne5 31. Ke2 N7c6 32. Nxc6 Nxc6
33. h4 h5 34. Ng5 Ke7 35. Ne4 Ne5 36. Ng5 Nc6 1/2-1/2

[Event "WCh Women 2017"]
[Site "Tehran IRI"]
[Date "2017.02.13"]
[Round "1.1"]
[White "Pham, Le Thao Nguyen"]
[Black "Javakhishvili, Lela"]
[Result "1/2-1/2"]
[WhiteElo "2351"]
[BlackElo "2455"]
[PlyCount "126"]
[EventDate "2017.02.11"]

1. d4 Nf6 2. c4 e6 3. Nf3 b6 4. g3 Bb7 5. Bg2 Be7 6. O-O O-O 7. Qc2 c5 8. Bg5
Be4 9. Qd1 cxd4 10. Nbd2 Bb7 11. Nxd4 Bxg2 12. Kxg2 h6 13. Bf4 d6 14. N4f3 e5
15. Be3 Nc6 16. Qa4 Qc7 17. Rfd1 a6 18. Rac1 Qb7 19. Qc2 Nd8 20. Nb1 b5 21.
cxb5 axb5 22. Qc7 Re8 23. a3 Qxc7 24. Rxc7 Ne6 25. Rc6 Rec8 26. Rxc8+ Rxc8 27.
Nc3 Rb8 28. Na2 Rc8 29. Nc3 Rb8 30. Na2 Rc8 31. Nb4 g5 32. h3 Kg7 33. Ne1 Bf8
34. Ned3 Rc4 35. Nc1 Rc8 36. Nca2 g4 37. Nc3 gxh3+ 38. Kxh3 Rb8 39. f3 Rb7 40.
Kg2 Kg6 41. Bf2 Ne8 42. Nbd5 N8c7 43. e4 f5 44. Be3 h5 45. Rh1 Nxd5 46. Nxd5
fxe4 47. fxe4 Nc5 48. Rf1 Bg7 49. Bxc5 dxc5 50. Rf3 c4 51. b3 cxb3 52. Rxb3 Bf8
53. Kh3 Kg5 54. Rf3 Rb8 55. Nc7 Bd6 56. Nd5 Rf8 57. Rb3 Ra8 58. Rxb5 Bxa3 59.
Rb6 Rf8 60. Re6 Bb2 61. Ne7 Rf6 62. Rxf6 Kxf6 63. Nd5+ Kg5 1/2-1/2

[Event "WCh Women 2017"]
[Site "Tehran IRI"]
[Date "2017.02.13"]
[Round "1.1"]
[White "Guramishvili, Sopiko"]
[Black "Khademalsharieh, Sarasadat"]
[Result "1-0"]
[WhiteElo "2357"]
[BlackElo "2452"]
[PlyCount "75"]
[EventDate "2017.02.11"]

1. d4 Nf6 2. c4 e6 3. Nc3 Bb4 4. f3 c5 5. d5 O-O 6. e4 d6 7. Nge2 Ba5 8. Ng3 a6
9. Bf4 exd5 10. cxd5 b5 11. Be2 Ne8 12. O-O Nd7 13. Kh1 Rb8 14. Qc1 Ne5 15. Nd1
Ng6 16. Be3 Qc7 17. f4 f5 18. Nxf5 Bxf5 19. exf5 Ne7 20. g4 Nxd5 21. Bf3 Qf7
22. Nf2 Nef6 23. Nh3 Nc7 24. Bg1 Qe8 25. Qc2 Kh8 26. Rad1 Rd8 27. b3 Qf7 28. a3
Bb6 29. Ng5 Qg8 30. Rfe1 Rfe8 31. b4 Rxe1 32. Rxe1 Qf8 33. Qa2 Rd7 34. Bc6 Re7
35. Rxe7 Qxe7 36. Nf7+ Kg8 37. Nxd6+ Kf8 38. Nc8 1-0

[Event "WCh Women 2017"]
[Site "Tehran IRI"]
[Date "2017.02.13"]
[Round "1.1"]
[White "Socko, Monika"]
[Black "Savina, Anastasia"]
[Result "1/2-1/2"]
[WhiteElo "2455"]
[BlackElo "2377"]
[PlyCount "191"]
[EventDate "2017.02.11"]

1. d4 d6 2. e4 Nf6 3. Nc3 e5 4. Nf3 Nbd7 5. Bc4 Be7 6. a4 c6 7. a5 Qc7 8. O-O
h6 9. Re1 Nf8 10. d5 Ng6 11. Bb3 c5 12. Ba4+ Nd7 13. Bb5 a6 14. Bf1 O-O 15. Ne2
Nf6 16. Ng3 Nf4 17. Ra3 g6 18. Ne2 Nxe2+ 19. Qxe2 Kg7 20. Nd2 Bg4 21. f3 Bd7
22. Nc4 Nh5 23. g4 Nf4 24. Bxf4 exf4 25. Qd2 Bg5 26. e5 dxe5 27. d6 Qd8 28. Nb6
Rb8 29. Rxe5 Bc6 30. Rxc5 Qf6 31. Rd3 Rbd8 32. Qc3 Rfe8 33. b4 Qxc3 34. Rcxc3
Re6 35. d7 Be7 36. Rb3 Rd6 37. Rxd6 Bxd6 38. c4 Bc7 39. b5 axb5 40. cxb5 Bxb6+
41. axb6 Bd5 42. Rb4 Kf6 43. Kf2 g5 44. h4 Rxd7 45. hxg5+ hxg5 46. Rb1 Rd6 47.
Re1 Rxb6 48. Re8 Rd6 49. Be2 Be6 50. Rb8 b6 51. Rg8 Ba2 52. Bf1 Bb3 53. Be2 Bc2
54. Rc8 Bb3 55. Rg8 Ba2 56. Bf1 Bb1 57. Bc4 Bd3 58. Bxd3 Rxd3 59. Rh8 Rd6 60.
Ke2 Ke5 61. Rg8 f6 62. Re8+ Kd5 63. Rc8 Kd4 64. Rc6 Kd5 65. Rc8 Re6+ 66. Kd2
Kd6 67. Rc6+ Kd7 68. Rc3 Rd6+ 69. Ke2 Ke7 70. Rc7+ Ke6 71. Rc8 Kd7 72. Rb8 Kc7
73. Rf8 Rd5 74. Rxf6 Rxb5 75. Kd3 Rc5 76. Kd4 Kb7 77. Rf7+ Kc6 78. Rf6+ Kb5 79.
Rg6 Ka5 80. Rg8 Kb4 81. Rf8 Rc4+ 82. Kd3 Rc3+ 83. Ke4 b5 84. Rf5 Re3+ 85. Kd4
Rxf3 86. Rxg5 Rf1 87. Rg8 Kb3 88. g5 f3 89. Ke3 b4 90. g6 Re1+ 91. Kxf3 Re6 92.
Kf4 Rc6 93. Kf5 Kc3 94. Rb8 Rc7 95. Kf6 b3 96. g7 1/2-1/2

[Event "WCh Women 2017"]
[Site "Tehran IRI"]
[Date "2017.02.13"]
[Round "1.1"]
[White "Ziaziulkina, Nastassia"]
[Black "Ushenina, Anna"]
[Result "1/2-1/2"]
[WhiteElo "2390"]
[BlackElo "2444"]
[PlyCount "44"]
[EventDate "2017.02.11"]

1. e4 c5 2. Nf3 e6 3. d4 cxd4 4. Nxd4 Nc6 5. Nc3 Qc7 6. Be3 Nf6 7. Bd3 a6 8.
O-O Nxd4 9. Bxd4 Bc5 10. Be2 Qd6 11. Bxc5 Qxc5 12. Qd3 O-O 13. Qg3 d6 14. Rad1
e5 15. Qd3 Rd8 16. Kh1 Be6 17. Nd5 Nxd5 18. exd5 Bd7 19. c4 b5 20. Rc1 b4 21.
Qc2 f5 22. f3 Rf8 1/2-1/2

[Event "WCh Women 2017"]
[Site "Tehran IRI"]
[Date "2017.02.13"]
[Round "1.1"]
[White "Danielian, Elina"]
[Black "Padmini, Rout"]
[Result "1/2-1/2"]
[WhiteElo "2444"]
[BlackElo "2387"]
[PlyCount "113"]
[EventDate "2017.02.11"]

1. Nf3 c5 2. c4 Nc6 3. Nc3 e5 4. e3 Nf6 5. d4 e4 6. d5 exf3 7. dxc6 dxc6 8.
Qxd8+ Kxd8 9. gxf3 Kc7 10. b3 g6 11. Bb2 Rg8 12. O-O-O Bg7 13. h4 b6 14. Ne2
Nh5 15. Ng3 Bxb2+ 16. Kxb2 Nf6 17. h5 Be6 18. Be2 Rad8 19. f4 Bg4 20. hxg6 hxg6
21. f3 Rxd1 22. Bxd1 Be6 23. Kc3 Kd6 24. Bc2 Ke7 25. e4 Nd7 26. e5 f5 27. Ne2
Nf8 28. a3 a5 29. b4 cxb4+ 30. axb4 axb4+ 31. Kxb4 Bd7 32. Kc3 Rg7 33. Rb1 Rh7
34. Kd2 b5 35. cxb5 cxb5 36. Bd3 Rh3 37. Ke3 Ne6 38. Bxb5 Bxb5 39. Rxb5 Rh1 40.
Rb7+ Kf8 41. Nd4 Nxd4 42. Kxd4 Rd1+ 43. Kc5 Rd3 44. Kc6 Rd4 45. Ra7 Ke8 46. Rg7
Kf8 47. Rxg6 Ke7 48. Rh6 Rxf4 49. Kd5 Rxf3 50. Rh7+ Kd8 51. e6 f4 52. Ke5 Re3+
53. Kf6 f3 54. Rh8+ Kc7 55. Rh4 f2 56. Rf4 Kd6 57. Rxf2 1/2-1/2

[Event "WCh Women 2017"]
[Site "Tehran IRI"]
[Date "2017.02.13"]
[Round "1.1"]
[White "Mkrtchian, Lilit"]
[Black "Ni, Shiqun"]
[Result "1/2-1/2"]
[WhiteElo "2431"]
[BlackElo "2399"]
[PlyCount "80"]
[EventDate "2017.02.11"]

1. Nf3 Nf6 2. c4 g6 3. Nc3 d5 4. cxd5 Nxd5 5. Qb3 Nb6 6. d4 Bg7 7. e4 O-O 8.
Be3 Bg4 9. Rd1 Bxf3 10. gxf3 e6 11. d5 exd5 12. Nxd5 Nxd5 13. Rxd5 Qf6 14. Be2
Qxb2 15. Qxb2 Bxb2 16. O-O b6 17. f4 Nc6 18. Rd7 Rfd8 19. Rxc7 Rac8 20. Rxc8
Rxc8 21. Rb1 Bd4 22. Rc1 Bxe3 23. fxe3 Ne7 24. Rxc8+ Nxc8 25. e5 Kg7 26. Kf2 f6
27. exf6+ Kxf6 28. e4 Ne7 29. Ke3 Nc6 30. Bc4 h6 31. e5+ Ke7 32. Ke4 Nd8 33. h4
Nb7 34. f5 Nc5+ 35. Kf4 gxf5 36. Kxf5 Nd7 37. h5 Nf8 38. e6 b5 39. Bb3 a5 40.
a3 b4 1/2-1/2

[Event "WCh Women 2017"]
[Site "Tehran IRI"]
[Date "2017.02.13"]
[Round "1.1"]
[White "Zimina, Olga"]
[Black "Khotenashvili, Bela"]
[Result "1/2-1/2"]
[WhiteElo "2401"]
[BlackElo "2430"]
[PlyCount "80"]
[EventDate "2017.02.11"]

1. d4 Nf6 2. c4 g6 3. Nc3 d5 4. cxd5 Nxd5 5. e4 Nxc3 6. bxc3 Bg7 7. Nf3 c5 8.
Be3 Qa5 9. Qd2 O-O 10. Rc1 Nd7 11. Bd3 Nf6 12. h3 Rd8 13. O-O Bd7 14. d5 c4 15.
Bb1 e6 16. Bg5 exd5 17. e5 Ne4 18. Bxd8 Rxd8 19. Qe3 Nc5 20. Nd4 Re8 21. f4 f5
22. Qe2 Ne6 23. Nxe6 Bxe6 24. g4 Qc5+ 25. Kh2 fxg4 26. hxg4 Bf7 27. g5 b5 28.
Qf2 Qxf2+ 29. Rxf2 Bf8 30. Kg3 a5 31. Rh1 b4 32. cxb4 axb4 33. Rfh2 d4 34. Rxh7
Bg7 35. Be4 d3 36. R7h2 Rd8 37. Rd1 Bf8 38. Rdh1 Bg7 39. Rd1 Bf8 40. Rdh1 Bg7
1/2-1/2

[Event "WCh Women 2017"]
[Site "Tehran IRI"]
[Date "2017.02.13"]
[Round "1.1"]
[White "Cori T., Deysi"]
[Black "Kashlinskaya, Alina"]
[Result "1/2-1/2"]
[WhiteElo "2422"]
[BlackElo "2418"]
[PlyCount "77"]
[EventDate "2017.02.11"]

1. d4 Nf6 2. Nf3 d5 3. c4 e6 4. Nc3 Bb4 5. e3 O-O 6. a3 Bxc3+ 7. bxc3 b6 8.
cxd5 exd5 9. Be2 c5 10. O-O Bg4 11. dxc5 bxc5 12. c4 dxc4 13. Qc2 Nbd7 14. Bb2
Rb8 15. Rfd1 Qe7 16. Rab1 Nb6 17. Ng5 Ne4 18. Nxe4 Bxe2 19. Nf6+ gxf6 20. Qxe2
Qe6 21. h4 Na4 22. Ba1 c3 23. Rxb8 Rxb8 24. Qf3 Re8 25. Rc1 Qe4 26. Qxf6 Re6
27. Qd8+ Kg7 28. h5 Rf6 29. Bxc3 Nxc3 30. Rxc3 Qb1+ 31. Kh2 Qf5 32. Qd2 Qxh5+
33. Kg1 Rh6 34. f4 Qh2+ 35. Kf2 Qh4+ 36. Kg1 Qh2+ 37. Kf2 Qh4+ 38. Kg1 Qh2+ 39.
Kf2 1/2-1/2

[Event "WCh Women 2017"]
[Site "Tehran IRI"]
[Date "2017.02.13"]
[Round "1.2"]
[White "Lane, Nancy L"]
[Black "Ju, Wenjun"]
[Result "0-1"]
[WhiteElo "1848"]
[BlackElo "2583"]
[PlyCount "60"]
[EventDate "2017.02.11"]

1. d4 Nf6 2. Nf3 d5 3. e3 Bf5 4. Bd3 e6 5. O-O Bd6 6. b3 O-O 7. Bb2 Nbd7 8.
Nbd2 a5 9. a4 Ne4 10. Ne5 Nxd2 11. Qxd2 Bxd3 12. Qxd3 c6 13. f4 Nf6 14. Rf3 Ne4
15. Raf1 f5 16. c4 Qe7 17. c5 Bxe5 18. fxe5 g5 19. Qe2 g4 20. Rf4 Rf7 21. Bc1
Rg7 22. Bd2 Rg6 23. Be1 Rh6 24. Bg3 Qe8 25. Qe1 Qh5 26. Qd1 Nxg3 27. hxg3 Kh8
28. Qe1 Qh2+ 29. Kf2 Rh3 30. Rh1 Qxg3+ 0-1

[Event "WCh Women 2017"]
[Site "Tehran IRI"]
[Date "2017.02.13"]
[Round "1.2"]
[White "Harika, Dronavalli"]
[Black "Shamima, Akter"]
[Result "1/2-1/2"]
[WhiteElo "2539"]
[BlackElo "2077"]
[PlyCount "76"]
[EventDate "2017.02.11"]

1. Nf3 d5 2. g3 Nf6 3. Bg2 c5 4. c4 d4 5. e3 Nc6 6. exd4 cxd4 7. O-O e5 8. d3
Bd6 9. Bg5 O-O 10. a3 a5 11. Nbd2 h6 12. Bxf6 Qxf6 13. Ne4 Qd8 14. Nxd6 Qxd6
15. Re1 Re8 16. Qc2 Be6 17. Nd2 a4 18. Rac1 f6 19. Qd1 Qc7 20. Be4 f5 21. Bd5
Qf7 22. Bxc6 bxc6 23. Rxe5 Bd7 24. Rxe8+ Rxe8 25. Qf3 Qe7 26. c5 f4 27. gxf4
Rf8 28. Kh1 Be6 29. Ne4 Bd5 30. Rg1 Qxc5 31. Qg3 Qe7 32. f3 Rf7 33. Qg4 Qf8 34.
Rg3 Rxf4 35. Qh5 Rf5 36. Qh3 Rf4 37. Qh5 Rf5 38. Qh3 Rf4 1/2-1/2

[Event "WCh Women 2017"]
[Site "Tehran IRI"]
[Date "2017.02.13"]
[Round "1.2"]
[White "Shen, Yang"]
[Black "Arribas Robaina, Maritza"]
[Result "1/2-1/2"]
[WhiteElo "2479"]
[BlackElo "2295"]
[PlyCount "53"]
[EventDate "2017.02.11"]

1. d4 d5 2. Nf3 Nf6 3. c4 e6 4. Nc3 Bb4 5. cxd5 Nxd5 6. Bd2 O-O 7. g3 c5 8. Bg2
cxd4 9. Nxd4 Nxc3 10. bxc3 Ba5 11. O-O e5 12. Nb3 Bb6 13. c4 Nc6 14. a4 a6 15.
c5 Ba7 16. Be3 Be6 17. Rb1 Qc7 18. Qd6 Rac8 19. Rfd1 h6 20. Kf1 Rfd8 21. Qxc7
Rxd1+ 22. Rxd1 Rxc7 23. Rb1 Ne7 24. Na5 Bxc5 25. Bxc5 Rxc5 26. Nxb7 Rc7 27. Ke1
1/2-1/2

[Event "WCh Women 2017"]
[Site "Tehran IRI"]
[Date "2017.02.13"]
[Round "1.2"]
[White "Buksa, Nataliya"]
[Black "Hoang, Thanh Trang"]
[Result "1/2-1/2"]
[WhiteElo "2302"]
[BlackElo "2463"]
[PlyCount "84"]
[EventDate "2017.02.11"]

1. e4 e6 2. d4 d5 3. Nd2 Be7 4. Ngf3 Nf6 5. e5 Nfd7 6. Bd3 c5 7. c3 b6 8. Qe2
a5 9. a4 Ba6 10. Bb5 Qc7 11. O-O O-O 12. Rd1 cxd4 13. cxd4 Rc8 14. Nf1 Qb7 15.
Ne3 Nc6 16. Bd2 Nb4 17. Bc3 Nf8 18. h4 Bxb5 19. axb5 Qd7 20. h5 h6 21. Ra4 Na6
22. Raa1 Nc7 23. Nh2 Nxb5 24. Rd3 Nxc3 25. bxc3 b5 26. f4 b4 27. cxb4 axb4 28.
Rad1 Ra3 29. Nhg4 Rxd3 30. Rxd3 Qb5 31. Nxh6+ gxh6 32. Nf5 Kh8 33. Nxe7 Rc1+
34. Kh2 Qe8 35. Rg3 Qxe7 36. Qg4 Ng6 37. hxg6 fxg6 38. Qxg6 Qh4+ 39. Rh3 Qxf4+
40. Rg3 Qh4+ 41. Rh3 Qf4+ 42. Rg3 Qh4+ 1/2-1/2

[Event "WCh Women 2017"]
[Site "Tehran IRI"]
[Date "2017.02.13"]
[Round "1.2"]
[White "Nemcova, Katerina"]
[Black "Cramling, Pia"]
[Result "1/2-1/2"]
[WhiteElo "2359"]
[BlackElo "2434"]
[PlyCount "83"]
[EventDate "2017.02.11"]

1. e4 c5 2. Nf3 d6 3. d4 cxd4 4. Nxd4 Nf6 5. Nc3 a6 6. f3 e5 7. Nb3 Be6 8. Be3
h5 9. Qd2 Nbd7 10. Nd5 Bxd5 11. exd5 a5 12. a4 Be7 13. Be2 O-O 14. O-O Qc7 15.
c4 b6 16. Kh1 Nc5 17. Nxc5 bxc5 18. f4 exf4 19. Bxf4 Rab8 20. Rae1 Rfe8 21. Bd1
Bf8 22. Bc2 g6 23. Rxe8 Rxe8 24. Re1 Rxe1+ 25. Qxe1 Be7 26. Bd2 Bd8 27. h3 Kg7
28. Bc3 Kf8 29. Qd2 Ke8 30. Qe1+ Kf8 31. b3 Nd7 32. Qf2 Kg8 33. Qg3 h4 34. Qg4
Ne5 35. Qe2 Qe7 36. Qe1 Qg5 37. Bd2 Qf6 38. Be4 Bc7 39. Qe2 Bd8 40. Qe1 Bc7 41.
Qe2 Bd8 42. Qe1 1/2-1/2

[Event "WCh Women 2017"]
[Site "Tehran IRI"]
[Date "2017.02.13"]
[Round "1.2"]
[White "Savina, Anastasia"]
[Black "Socko, Monika"]
[Result "1/2-1/2"]
[WhiteElo "2377"]
[BlackElo "2455"]
[PlyCount "112"]
[EventDate "2017.02.11"]

1. Nf3 Nf6 2. c4 e6 3. Nc3 d5 4. d4 Bb4 5. Qa4+ Nc6 6. e3 O-O 7. Bd2 a6 8. Qc2
Re8 9. a3 Bd6 10. h3 Rb8 11. cxd5 exd5 12. Bd3 Ne7 13. g4 Ng6 14. g5 Nh5 15.
O-O-O Be6 16. Rdg1 c5 17. dxc5 Bxc5 18. Qd1 d4 19. exd4 Bxd4 20. Nxd4 Qxd4 21.
Be3 Qd7 22. Bc2 Ngf4 23. Rg4 Qxd1+ 24. Rxd1 Ng6 25. Rb4 a5 26. Rb5 Bxh3 27.
Rxa5 Bg2 28. Rd4 Bc6 29. Bd2 Ne5 30. Rh4 g6 31. Nd5 Nf3 32. Rxh5 Bxd5 33. Rh3
Bc6 34. Rc5 Nxd2 35. Kxd2 Re6 36. Re3 Rd8+ 37. Ke2 Red6 38. Rd3 f6 39. gxf6 Kf7
40. b4 Rxd3 41. Bxd3 Kxf6 42. b5 Bd5 43. Ke3 h5 44. Rc7 g5 45. Rh7 Bf7 46. Rh6+
Ke5 47. Rb6 Rd7 48. Be4 Bd5 49. Bxd5 Kxd5 50. Rg6 Re7+ 51. Kf3 Rf7+ 52. Kg2 Rf5
53. Rb6 Rf7 54. Rg6 Rf5 55. Rb6 Rf7 56. Rg6 Ke5 1/2-1/2

[Event "WCh Women 2017"]
[Site "Tehran IRI"]
[Date "2017.02.13"]
[Round "1.2"]
[White "Khurtsidze, Nino"]
[Black "Zhukova, Natalia"]
[Result "1/2-1/2"]
[WhiteElo "2383"]
[BlackElo "2447"]
[PlyCount "67"]
[EventDate "2017.02.11"]

1. d4 e6 2. Nf3 f5 3. c4 Nf6 4. Nc3 Bb4 5. Bd2 b6 6. g3 Bb7 7. Bg2 O-O 8. O-O
a5 9. a3 Bxc3 10. Bxc3 a4 11. Rc1 d5 12. Ne5 Nbd7 13. Bb4 Re8 14. Qc2 c6 15.
Rfd1 Nxe5 16. dxe5 Nd7 17. Bd6 Ba6 18. cxd5 cxd5 19. Bc7 Qe7 20. Qd2 Rec8 21.
Bxd5 exd5 22. Qxd5+ Kh8 23. Qxd7 Qxd7 24. Rxd7 Bxe2 25. e6 Re8 26. Be5 Rxe6 27.
Bxg7+ Kg8 28. Bd4 h5 29. Rg7+ Kf8 30. Rh7 Bf3 31. Rh8+ Ke7 32. Rh7+ Kf8 33.
Rh8+ Ke7 34. Rh7+ 1/2-1/2